| 000 | 00000nam##2200000za#4500 |
| 001 | 9.639934 |
| 003 | CaOODSP |
| 005 | 20210624222424 |
| 007 | cr ||||||||||| |
| 008 | 150407|1999||||xxc|||||o f|0| 0 fre|d |
| 040 | |aCaOODSP|bfre |
| 043 | |an-cn--- |
| 086 | 1 |aEn105-58/2000F-PDF |
| 110 | 1 |aCanada. |bAgence canadienne d'évaluation environnementale. |
| 245 | 10|aCodification des règlements en vertu de la Loi canadienne sur l'évaluation environnementale : |h[ressource électronique]|bliste d'inclusion, liste d'exclusion, liste d'étude approfondie, dispositions législatives et réglementaires désignées |
| 260 | |bAgence canadienne d'évaluation environnementale |c[1999]. |
| 300 | |a69p. |
| 500 | |aModifié en novembre 1999. |
| 590 | |a12-16-Supp|b2012-04-17 |
| 691 | 07|aDroit de l'environnement|2gcpds |
| 691 | 07|aÉvaluation environnementale|2gcpds |
| 691 | 07|aGestion de l'environnement|2gcpds |
| 775 | 08|tConsolidated regulations under the Canadian Environmental Assessment Act : |w(CaOODSP)9.695826 |
| 776 | 0#|tCodification des règlements en vertu de la Loi canadienne sur l'évaluation environnementale : |w(CaOODSP)9.681139 |
| 856 | 40|ahttp://publications.gc.ca|qPDF|s1162 Ko|uhttps://publications.gc.ca/collections/Collection/En105-58-2000F.pdf |